Guia Practica Clinica Nacional sobre Prevencion, Diagnostico y Tratamiento de la Diabetes Mellitus Tipo 2. Para el primer nivel de atencion. (Registro nro. 1651)

Detalles MARC
000 -LEADER
fixed length control field 01091nam a2200253 a 4500
003 - CONTROL NUMBER IDENTIFIER
control field OSt
005 - FECHA ULTIMA MODIFICACION
control field 20130920175205.0
008 - FIXED-LENGTH DATA ELEMENTS--GENERAL INFORMATION
fixed length control field 130920n ag ||||| |||| 00| 0 spa d
040 ## - CATALOGING SOURCE
Transcribing agency Biblioteca Medicina
041 ## - LANGUAGE CODE
Language code of text/sound track or separate title spa
082 ## - DEWEY DECIMAL CLASSIFICATION NUMBER
Item number MINIST. DE SALUD 0370
110 ## - MAIN ENTRY--CORPORATE NAME
Corporate name or jurisdiction name as entry element MInisterio de Salud
9 (RLIN) 2598
245 00 - TITLE STATEMENT
Title Guia Practica Clinica Nacional sobre Prevencion, Diagnostico y Tratamiento de la Diabetes Mellitus Tipo 2. Para el primer nivel de atencion.
250 ## - EDITION STATEMENT
Edition statement 1º ed.
260 ## - PUBLICATION, DISTRIBUTION, ETC. (IMPRINT)
Place of publication, distribution, etc Buenos Aires
Name of publisher, distributor, etc Ministerio de Salud de la Nacion
Date of publication, distribution, etc 200?
300 ## - PHYSICAL DESCRIPTION
Extent 57 p.
653 ## - INDEX TERM--UNCONTROLLED
Uncontrolled term DIABETES TIPO 2-GUIA
653 ## - INDEX TERM--UNCONTROLLED
Uncontrolled term ENFERMEDADES CRONICAS NO TRANSMISIBLES
856 ## - ELECTRONIC LOCATION AND ACCESS
Host name www.msal.gov.ar
942 ## - ADDED ENTRY ELEMENTS (KOHA)
Source of classification or shelving scheme Dewey Decimal Classification
Koha item type Hemeroteca
Existencias
Withdrawn status Lost status Fuente de clasificación Damaged status Not for loan Colección Ubicación permanente Ubicación actual Sala de ubicación Fecha de adquisición Total Checkouts Número de clasificación Date last seen Número de ejemplar Price effective from Koha tipo de elemento (item)
    Dewey Decimal Classification     Non-fiction Biblioteca Medicina Biblioteca Medicina Circulación 20/09/2013   MINIST. DE SALUD 0370 06/11/2014 Ej. 1 20/09/2013 Hemeroteca
    Dewey Decimal Classification     Non-fiction Biblioteca Medicina Biblioteca Medicina Circulación 20/09/2013   MINIST. DE SALUD 0370 06/11/2014 Ej. 2 20/09/2013 Hemeroteca
    Dewey Decimal Classification     Non-fiction Biblioteca Medicina Biblioteca Medicina Circulación 20/09/2013   MINIST. DE SALUD 0370 06/11/2014 Ej. 3 20/09/2013 Hemeroteca

UNIVERSIDAD NACIONAL DEL COMAHUE
Biblioteca de la Facultad de Ciencias Médicas
Sede Toschi: Los Arrayanes y Av. Toschi, Cipolletti  - Rio Negro
Sede Los Tordos:  Yrigoyen al 2211, Cipolletti - Rio Negro 

Teléfono: 0299 - 4774707 int 25
Contacto: biblioteca@facimed.uncoma.edu.ar
© 2011 - 2026